000
00287nam a2200109Ia 4500
001
1261051
005
20260417140344.0
008
260417s9999 xx 000 0 und d
020
_a
9789752896338
245
0
_a
Kısa Ömürlü Açelyalar
_c
Müge İplikçi
260
_b
Everest Yayınları
999
_c
1261051
_d
1261051